Australian Insects by Picture - Statistics

General Stats
  • This quiz has been taken 12 times
  • The average score is 3 of 10
Answer Stats
Picture Answer % Correct
Christmas Beetle
71%
Blue Ant
43%
Banded Sugar Ant
29%
Giant Burrowing Cockroach
29%
Goliath Stick Insect
29%
Hover Fly
29%
Mud Wasp
14%
Tiger Moth
14%
Cuckoo Bee
0%
Painted Lady Butterfly
0%
No matching quizzes found
Score Distribution
Percent of People with Each Score
Percentile by Number Answered
Your Score History
You have not taken this quiz